[Event "Bundesliga 0304"]
[Site "Germany"]
[Date "2003.12.12"]
[Round "7.7"]
[White "Baburin, Alexander"]
[Black "Skripchenko, Almira"]
[Result "1-0"]
[WhiteElo "2541"]
[BlackElo "2489"]
[Annotator "Huzman,A"]
[PlyCount "111"]
[EventDate "2003.11.01"]
[EventType "team-tourn"]
[EventRounds "15"]
[EventCountry "GER"]
[SourceTitle "CBM 099"]
[Source "ChessBase"]
[SourceDate "2004.03.30"]
[SourceVersion "1"]
[SourceVersionDate "2004.03.30"]
[SourceQuality "1"]
[WhiteTeam "Bremer SG"]
[BlackTeam "Werder Bremen"]
[WhiteTeamCountry "GER"]
[BlackTeamCountry "GER"]

1. d4 {Hecht} d5 2. c4 dxc4 3. e3 e6 4. Bxc4 a6 5. Nf3 c5 6. O-O Nf6 7. dxc5
Qxd1 8. Rxd1 Bxc5 9. Nbd2 b6 10. Be2 Bb7 11. Nc4 Nbd7 (11... Bd5 12. b3 (12.
Bd2 Ne4 13. Be1 Nd7 14. Nd4 O-O 15. f3 Nef6 16. b4 Bxd4 17. Rxd4 e5 18. Rdd1
Rfc8 19. Nd6 Rc2 20. Rd2 Rxd2 21. Bxd2 a5 22. bxa5 bxa5 23. e4 Be6 24. Bc3 $16
{1-0 Dydyshko,V-Voloshin,L/Frydek-Mistek 1994/EXT 97 (53)}) 12... Nbd7 13. Bb2
O-O 14. Rac1 Rfc8 15. Bd4 b5 16. Bxc5 bxc4 {1/2-1/2 Liang Chong-Grischuk,A/
Shanghai 2001/CBM 85 (16)}) 12. Nfd2 (12. a3 a5 13. Bd2 O-O 14. Be1 Rfd8 15.
Nd4 Nd5 16. Nb5 Ba6 17. a4 Rac8 18. Bf3 N7f6 19. e4 Bxb5 20. axb5 Nc7 21. e5
Nfd5 22. Be2 Rb8 23. Rac1 Nxb5 24. Nxa5 Nd4 $17 {0-1 Vioreanu,B-Ganguly,S/Goa
IND 2002/(78)}) (12. Bd2 $5 O-O 13. Bc3 Rfd8 14. Bd4 $1 b5 $8 15. Na5 Bd5 16.
a3 $5 Kf8 $1 17. Rdc1 $6 (17. Rac1 Rac8 $11) 17... Rac8 18. Kf1 Ne4 $1 $15 {
Malaniuk,V-Volzhin,A/Koszalin 74/410 1998/(20)}) (12. Nd4 $5 O-O 13. Nb3 Be7
14. f3 a5 15. e4 a4 16. Nd4 Bc5 17. Be3 Rfd8 18. Kf2 Kf8 19. Nb5 Ke7 20. Bxc5+
bxc5 21. Nc3 $14 {1-0 Bareev,E-Shirov,A/New Delhi/Theran 2000/CBM 80/[Ftacnik]
(41)}) (12. b3 Ke7 13. Bb2 Rhd8 14. Ne1 $1 b5 15. Na5 Be4 16. Bf3 Bxf3 17. gxf3
Rdc8 18. Nd3 Rab8 19. Nxc5 Rxc5 20. Rac1 Ke8 21. Bd4 Rxc1 22. Rxc1 $16 {
Kramnik,V-Karpov,A/Frankfurt (rapid) 76/(370) 1999 (22)}) 12... Bd5 13. Nb3 Be7
14. Bd2 O-O (14... Ne4 15. Be1 b5 16. Nca5 Nec5 17. Nxc5 Nxc5 18. b3 O-O 19.
Rac1 Rfc8 20. f3 Bg5 21. Kf2 f5 22. Bc3 Nd7 23. Bb4 Nf6 24. Bd6 Kf7 25. Bf4
Bxf4 26. exf4 Rab8 27. a3 Ke7 28. g3 Nd7 29. Ke3 Nb6 $11 {1/2-1/2 Botvinnik,
I-Karpman,V/ISR t-ch 2002 (35)}) 15. Rac1 (15. f3 Rfc8 16. Rac1 e5 17. e4 Be6
18. Be3 Rab8 19. Nd6 Rxc1 20. Bxc1 b5 21. Be3 g6 22. Na5 Ne8 23. Nxe8 Rxe8 24.
Nc6 Bf8 25. a3 Rc8 26. Rc1 Kg7 27. Kf2 Bd6 {1/2-1/2 Kantsler,B-Lautier,J/Ohrid
2001/CBM 84 (27)}) 15... Rac8 (15... Rfc8 $142 16. f3 e5 17. e4 Be6 18. Be3
Rab8 $14) 16. f3 b5 (16... e5 17. e4 Be6 18. Be3 b5 19. Nca5 $36) 17. Nca5 Nc5
18. Nd4 $1 Rfe8 (18... Rfd8 $5 19. b4 (19. b3 e5 20. Nf5 Bf8 $11) 19... Na4 20.
Nac6 Bxc6 21. Rxc6 $1 (21. Nxc6 Rxc6 $1 22. Rxc6 Nb2 23. Rcc1 Nxd1 24. Rxd1 Nd5
$11) 21... e5 (21... Nd5 22. Rdc1 Nab6 23. Rxc8 Rxc8 (23... Nxc8 24. Nc6 Nf4 $1
(24... Rd7 25. e4 Ndb6 26. Be3 $16) 25. Rc2 Nxe2+ 26. Kf2 Nd4 27. Nxd4 $36 {
[%cal Gc2c6]})) 22. Nf5 Kf8 23. Nxe7 Kxe7 24. Rxa6 Nb2 25. Ra7+ Ke6 26. Rc1
Rxd2 27. Rxc8 Rxe2 28. e4 (28. Rc6+ Kf5 29. g4+ Kg6 30. Rcc7 h5 31. Rxf7 hxg4
32. Rxg7+ Kf5 $132) 28... Re1+ 29. Kf2 Nd3+ 30. Kg3 Nxe4+ $5 (30... Rc1 $11)
31. fxe4 Re3+ 32. Kg4 Rxe4+ 33. Kf3 Rf4+ 34. Ke2 Nxb4 $44) 19. b3 Bf8 $6 (19...
e5 20. Nf5 Bf8 21. e4 Be6 22. Be3 $14) 20. e4 Ba8 {[%csl Ra8]} 21. Be3 Nb7 (
21... e5 $1 22. Nf5 (22. Nxb5 axb5 23. Bxb5 Ncd7 24. Rxc8 Rxc8 25. Rxd7 Nxd7
26. Bxd7 Rc2 27. a4 Rb2 $11) 22... Ne6 23. a4 Bb4 24. Rxc8 Rxc8 25. axb5 axb5
$11) 22. Nxb7 Bxb7 23. a4 $1 bxa4 (23... b4 $142 $14) 24. bxa4 Bc5 25. Kf2 Nd7
26. Nb3 $1 Bxe3+ 27. Kxe3 $16 {[%csl Ra6,Rb7] The endgame after the exchange
of black squared bishops is very difficult for Black as Bb7 is very "bad" and
the pawn a6 is a real weakness.} Rxc1 28. Rxc1 Rc8 29. Rxc8+ Bxc8 30. Kd4 Kf8 (
30... e5+ {Hecht} 31. Kc4 {does not look like a position that inspires
confidence with the possibility of Kb4-a5. mit der Möglichkeit Kb4-a5 sieht
nicht vertrauenerweckend aus}) 31. Nc5 Nb8 32. f4 Ke7 33. e5 Kd8 34. Bf3 Kc7
35. a5 {[%mdl 36]} f6 {'?!' Hecht. Hecht: 'Produces a second serious weakness
on e6.' Hecht: 'Produziert eine zweite ernste Schwäche auf e6.'} ({The best
chance for Black to fight for a draw was to exchange Nb8 for Bf3 after Hecht:
Transposing to an endgame of the "good knight vs. bad bishop" type by Hecht:
Der Übergang in den Endspieltyp "Guter Springer vs schlechter Läufer" mittels} 
35... Nc6+ $1 {'!?' Hecht.} 36. Bxc6 Kxc6 {Hecht: 'at least has the advantage
that Black cannot fall prey to a zugzwang because of Kc6-c7-c6 if the knight
were on c5. Thus it can concentrate on the kingside:' Hecht: 'hat wenigstens
den Vorteil, dass Schwarz nicht in Zugzwang geraten kann wegen Kc6-c7-c6, wenn
der Springer auf c5 steht. Der kann sich indes dem Königsflügel widmen:'} 37.
Ne4 Bd7 38. Nd6 f6 $16 (38... f5 {Hecht} 39. exf6 $1 gxf6 40. Ne4 e5+ $8 (40...
f5 41. Nf6 Bc8 42. Nxh7 Kb5 43. Nf8 Bb7 44. h4 Bc6 45. h5 Be8 46. h6 $18) 41.
fxe5 fxe5+ 42. Kxe5 Be8 43. g4 {and with the liberation of the bishop and the
weakness on a5 (formerly the strength!) Black gets a hint of some counterplay.
und mit der Befreiung des Läufers und der Schwäche auf a5 (die ehemalige
Stärke!) bekommt Schwarz den Hauch von Gegenspiel.})) 36. h4 f5 37. Kc4 g6 38.
Kb4 Kd8 $2 (38... Nc6+ $1 39. Bxc6 (39. Ka4 Nd4 40. Bd1 Kc6 41. Kb4 Kd5 $132)
39... Kxc6 40. Kc4 Kc7 41. g3 Kc6 42. Nb3 Kc7 43. Kc5 Bd7 44. Nd2 Bb5 45. Nf3
h6 46. Nd4 Bd7 $16) 39. Nb3 Kc7 40. Nd4 Bd7 41. Kc5 Bc8 42. Kb4 Bd7 43. Be2 $1
{[%cal Ge2c4]} Bc8 44. Bc4 $18 Nc6+ 45. Nxc6 Kxc6 {Hecht: '[#] This "good
bishop vs bad bishop" ending is hopelessly lost because the bishop's ability
to lose a tempo will bring about zugzwang. ' Hecht: '[#] Dieses Endspiel
"Guter vs schlechter Läufer" hingegen ist wegen der Fähigkeit des Läufers, ein
Tempo zu verlieren, aus Zugzwanggründen hoffnungslos verloren.'} 46. g3 h6 47.
Bb3 Bd7 48. Ba2 Bc8 49. Bc4 $22 {The Kb4 penetrates to c5 now and after the
next zugzwang to b6 or d6 that leads to an easy victory.} h5 {Hecht} 50. Bb3
Bd7 51. Ba2 Bc8 52. Bc4 Kb7 53. Kc5 Kc7 54. Bb3 Bd7 55. Ba2 Bc8 56. Bc4 $22 {
q.e.d. q.e.d.} 1-0

[Event "EU-ch 1st"]
[Site "Saint Vincent"]
[Date "2000.07.04"]
[Round "2"]
[White "Tregubov, Pavel V"]
[Black "Godena, Michele"]
[Result "1-0"]
[WhiteElo "2620"]
[BlackElo "2485"]
[Annotator "Huzman,A"]
[PlyCount "125"]
[EventDate "2000.07.03"]
[EventType "swiss"]
[EventRounds "11"]
[EventCountry "ITA"]
[SourceTitle "CBM 078"]
[Source "ChessBase"]
[SourceDate "2000.10.18"]
[SourceVersion "1"]
[SourceVersionDate "2000.10.18"]
[SourceQuality "1"]

1. d4 {Hecht} d5 2. c4 c6 (2... dxc4 3. e3 a6 4. Bxc4 e6 5. Nf3 c5 6. O-O Nf6
7. Bb3 Nbd7 8. e4 Nxe4 9. Re1 Nef6 10. d5 Nb6 11. dxe6 Bxe6 12. Qxd8+ (12. Bxe6
Qxd1 13. Bxf7+ Kxf7 14. Rxd1 $32 Nbd5 15. Nc3 Rd8 16. Ne5+ Kg8 {[%csl Rh8]} 17.
Bg5 $16 {1/2-1/2 Sherbakov,R-Nadyrhanov,S/RUS-Cup6 Krasnodar 1997/CBM 59/
[Huzman] (53)}) 12... Rxd8 13. Bxe6 fxe6 14. Ng5 c4 $5 15. Nc3 Rd7 16. Rxe6+
Re7 17. Be3 Nbd5 18. Nxd5 Nxd5 19. Bd4 h6 20. Rxe7+ Nxe7 21. Ne6 Nf5 22. Rd1 b5
23. Bc3 b4 24. Be1 Be7 25. Nc7+ Kf7 26. Rd7 a5 27. Rd5 Kg6 28. Rxa5 Bf6 29. Rc5
Rd8 30. Rxc4 {1/2-1/2 Epishin,V-Sherbakov,R/RUS-ch Elista 1996/CBM 56/[Chekhov]
(64)}) 3. Nf3 Nf6 4. e3 e6 5. Bd3 dxc4 6. Bxc4 c5 7. O-O a6 8. Bb3 Nbd7 9. e4
Nxe4 10. Re1 Nef6 11. d5 Nb6 12. dxe6 Bxe6 13. Qxd8+ Kxd8 14. Bxe6 fxe6 15.
Rxe6 Nbd5 16. Nc3 Kd7 (16... Nxc3 $6 17. bxc3 Kd7 18. Rb6 $16) 17. Nxd5 $1 Nxd5
(17... Kxe6 $2 18. Nc7+ Kd7 19. Nxa8 Nd5 20. Ne5+ Ke6 21. Nc4 $18) 18. Re5 Kc6
19. Rg5 $5 {[%cal Gf3e5]} (19. Bg5 Bd6 20. Rd1 Bxe5 21. Nxe5+ Kd6 22. Nf7+ Ke6
23. Nxh8 Rxh8 $11) 19... Rg8 (19... Re8 20. Bd2 Rg8 21. Ne5+ Kb6 (21... Kd6 22.
Nc4+ $16) 22. Nc4+ Kb5 23. Rxd5 Kxc4 24. Rd7 $16) 20. Ne5+ Kc7 21. Nf7 Kc6 22.
Rh5 Re8 (22... h6 23. Bd2 (23. Ne5+ Kc7 24. Ng6 Rd8 25. Bd2 $14) 23... Re8 24.
Ne5+ Kc7 25. Rf5 $14) 23. Bd2 Nf6 (23... h6 24. Ne5+ Kc7 25. Rf5 $14) 24. Rf5
Ne4 (24... Re2 25. Bc3 Ne4 26. Nd8+ $1 Kb6 27. Rf7 Nd6 (27... Be7 $5 28. Rxe7
Rxd8 29. Bxg7 (29. Rxg7 Nxc3 30. bxc3 Rdd2 $132) 29... Rdd2 30. Rf1 $14) 28.
Rd7 Be7 29. Kf1 Re4 30. Rd1 $16) 25. Bf4 g6 26. Ne5+ Kb6 27. Rf7 $36 g5 (27...
Bg7 28. Nc4+ Kc6 (28... Kb5 29. Rc1 $16) 29. Na5+ Kb6 30. Bc7+ Kb5 31. Nxb7 $14
) (27... Rg7 28. Nd7+ (28. Rxf8 Rxf8 29. Bh6 Rfg8 30. Re1 $14) 28... Kc6 29.
Rxf8 Kxd7 30. Rd1+ Ke7 31. Rxe8+ Kxe8 32. f3 Nf6 33. Bg5 $16) 28. Re1 $1 gxf4
29. Rxe4 Bd6 30. Nc4+ Kc6 31. Nxd6 Kxd6 32. Rfxf4 $16 Kd5 33. f3 Rxe4 34. Rxe4
{Hecht: '[#] Thema: je zwei verbundene Freibauern ab Zug 50'} b5 35. Kf2 c4 36.
g3 Rc8 37. Ke3 c3 $1 38. Rd4+ Ke5 39. f4+ Kf5 40. bxc3 Rxc3+ 41. Rd3 Rc2 42.
Rd5+ Ke6 (42... Kg4 43. Rg5+ Kh3 44. Rh5+ Kg4 45. Rxh7 Rxa2 46. Rh4+ Kf5 47.
g4+ $16) 43. Rd2 Rc3+ 44. Ke4 Rc4+ 45. Kf3 h5 46. Re2+ Kf6 47. h3 Ra4 (47...
Rc3+ 48. Re3 Rc2 49. a3 $16) 48. g4 Ra3+ 49. Re3 $1 hxg4+ 50. hxg4 Rxa2 {
Hecht: 'Die weißen Freibauern sind schneller, weil sie mit Schach vorrücken
können.'} 51. g5+ Kf7 52. Kg4 b4 53. Rh3 $1 a5 (53... Kg7 54. Rd3 $1) 54. Rh7+
Ke6 (54... Kg6 55. Rh6+ Kg7 56. Rb6 $18) 55. f5+ Kd6 56. f6 $18 Rg2+ 57. Kh5 b3
(57... Rh2+ {Hecht} 58. Kg6 Rxh7 59. Kxh7 b3 60. f7 $18) 58. Rb7 a4 59. f7 Rh2+
60. Kg4 Rf2 61. g6 Ke6 62. Kg5 (62. g7 $18) 62... Rf1 63. g7 1-0

[Event "Olympiad-34"]
[Site "Istanbul"]
[Date "2000.11.09"]
[Round "12.3"]
[White "Pelletier, Yannick"]
[Black "Sadvakasov, Darmen"]
[Result "1-0"]
[WhiteElo "2474"]
[BlackElo "2509"]
[Annotator "Huzman/Pelletier"]
[PlyCount "143"]
[EventDate "2000.10.28"]
[EventType "team-swiss"]
[EventRounds "14"]
[EventCountry "TUR"]
[SourceTitle "EXT 2001"]
[Source "ChessBase"]
[SourceDate "2000.11.22"]
[SourceVersion "1"]
[SourceVersionDate "2000.11.22"]
[SourceQuality "1"]
[WhiteTeam "Switzerland"]
[BlackTeam "Kazakhstan"]
[WhiteTeamCountry "SUI"]
[BlackTeamCountry "KAZ"]

1. d4 d5 2. c4 dxc4 3. Nf3 Nf6 4. e3 e6 5. Bxc4 c5 6. O-O a6 7. Bb3 b5 8. a4 b4
9. e4 cxd4 10. e5 $2 {YP} (10. Nbd2) 10... Ne4 11. a5 $146 (11. Nxd4 Bb7 12.
Be3 Nc5 (12... Nd7 13. f4 (13. Nd2 Nxd2 14. Qxd2 Nxe5 15. Bg5 Be7 16. Bxe7 Qxe7
17. Rfe1 Qd6 18. Rad1 Ng4 19. g3 O-O-O 20. Qg5 Kb8 21. Nxe6 Qc6 22. Rxd8+ Rxd8
23. Qxd8+ Ka7 24. Qd4+ Kb8 25. f3 {1-0 Yanvarev,I-Mesropov,K/Moscow 1992})
13... Bc5 14. Nd2 Ndf6 15. Nxe4 Nxe4 16. f5 Bxd4 17. Bxd4 Bd5 18. Be3 O-O 19.
Bxd5 Qxd5 20. Qxd5 exd5 21. Rfd1 Rad8 22. Rd4 Rfe8 23. Bf4 g5 $1 $132 {1/2-1/2
Erikalov,A-Logunov,M/RUS t-ch2 Novokuznetsk 1999 (39)}) 13. Bc2 Qd5 14. Nf3
Nbd7 {1/2-1/2 Sherbakov,R-Skripchenko,A/Open, Groningen NED 1998 (14)}) 11...
Nc5 (11... Nc6 $5 12. Ba4 Bd7 13. Nxd4 Nxd4 14. Qxd4 Bxa4 15. Qxe4 Bb5 16. Bg5
Qd5 17. Qxd5 exd5 18. Rc1 Kd7 19. Nd2 $11) 12. Bg5 Be7 (12... f6 13. exf6 gxf6
14. Bh4 (14. Ne5 h5 15. Bc2 d3 16. Ba4+ Nxa4 17. Qxa4+ Bd7 18. Nxd7 Nxd7 19.
Be3 $44) 14... Nc6 15. Nbd2 $44) 13. Bxe7 Qxe7 14. Nxd4 Bb7 (14... Nxb3 $5 15.
Qxb3 Bb7 16. Nd2 O-O $15) 15. Ba4+ $6 {YP} (15. Qg4 $13 {/=+ YP}) 15... Nxa4
16. Qxa4+ Nd7 17. Nd2 (17. Rd1 O-O 18. Nxe6 $140 $2 fxe6 19. Qxd7 (19. Rxd7 Qc5
$19) 19... Rad8 20. Qa4 Qg5 21. g3 Qf5 $19) 17... O-O 18. N4f3 Rac8 $15 19.
Rfe1 Bc6 (19... Rfd8 $5) 20. Qb3 Bd5 21. Qe3 Rc2 22. Rec1 (22. Qd3 Rxb2 (22...
b3 23. Qxa6 Qc5 24. Qd6 $11) 23. Qxa6 Ra8 24. Qb5 b3 $15) 22... Qc5 (22... Rfc8
$1 23. Rxc2 Rxc2 24. Rb1 (24. Ne1 $1 {YP} Rxb2 (24... Rc5 $142 $1 $15 {YP}) 25.
Qd4 {YP} (25. Nd3 Rc2 26. Rb1 Rc3 $17 {Huzman}) 25... Ra2 26. Rxa2 Bxa2 27. Nd3
b3 28. Qc4 Qa3 29. Qxa6 $1 $13) 24... Qc5 $17) (22... Rxb2 23. Qd4 (23. Rc7 $5
b3 24. Rac1 Rd8 25. Qc3 Ra2 26. Nxb3 Bxb3 27. Qxb3 Rxa5 28. Qb7 $44) 23... Ra2
24. Rxa2 Bxa2 25. Rc6 Bd5 (25... Ra8 26. Rd6 Bd5 27. Qxb4 Bxf3 28. Nxf3 Rb8 29.
Qe4 Nxe5 30. Rxa6 Nxf3+ 31. gxf3 $15)) 23. Rxc2 (23. Qxc5 Rxc5 24. Rxc5 Nxc5
25. Rc1 Nd3 26. Rc2 Rd8 $15) 23... Qxc2 24. Qd4 Qc5 (24... b3 $5 25. Ne1 Qf5
26. Nd3 Rc8 $15) 25. Qd3 (25. Qxc5 Nxc5 $15) 25... Bxf3 26. Nxf3 (26. Qxd7 Bd5
27. Nf1 Qc2 $17) 26... Nxe5 27. Qxa6 (27. Nxe5 Qxe5 28. Qxa6 Qxb2 29. Qf1 b3
30. a6 $17) 27... Nxf3+ 28. gxf3 Qg5+ (28... Qc2 29. Qb5 Qxb2 30. Ra4 Qb1+ 31.
Kg2 Qg6+ 32. Kh3 (32. Kf1 Rd8 $40) 32... Qg1 $17) 29. Kh1 Qd2 30. Kg2 Qxb2 $17
31. Ra4 Qd2 $2 (31... Qb1 $1 $17 {Huzman} 32. Qb7 Qg6+ 33. Kh3 Qc2 34. Rxb4
Qxf2 35. a6 Rd8 36. a7 Qf1+ 37. Kg3 $11 {YP}) 32. Qb5 $11 h6 33. Qxb4 Qxb4 {
?! Huzman} 34. Rxb4 Ra8 35. Rb5 Kf8 36. Kf1 Rc8 $2 {?! YP} (36... Ke7 37. Rb7+
Ke8 $11) 37. a6 Ra8 (37... Rc1+ 38. Ke2 Ra1 39. Rb8+ Ke7 40. Rb7+ Kf6 41. a7
$16) 38. Rb6 Ke8 39. Ke2 Kd8 40. Kd3 Kc7 41. Rb7+ Kc6 42. Rxf7 Rxa6 43. Rxg7
$16 Ra5 {! YP} (43... Kd6 44. Rg6 Ke5 45. Rxh6 Kf5 $16) 44. Rg6 Rh5 {? Huzman}
45. Rxe6+ Kd5 46. Re8 Rxh2 47. Ke3 Rh1 48. Kf4 Rh5 49. Re2 Kd6 50. Re4 Rg5 51.
Re8 Rh5 52. Ke4 Rh2 53. Ke3 Rh1 54. Ke2 h5 {?! Huzman} 55. f4 h4 56. Kf3 h3 $4
{YP: Es war für Schwarz das letzte Moment, um den weissen König vom h-Bauern
abzuschneiden. Nach dem Textzug verliert Schwarz aus dem einfachen Grund, dass
sein König die f-Linie nicht annähern kann.} (56... Rg1 {gefolgt von h3, h2, ..
., bis der weisse Turm die e-Linie verlässt, und somit den schwarzen König zum
f-Bauern ranlässt. Z.B:} 57. Rh8 Ke6 58. Rxh4 Kf7 {usw. mit Remisschluss. Die
Doppelbauern spielen hier keine grosse Rolle. Auch wenn sich der weisse König
von Turmschachs besser schützen kann, muss die Partie Remis enden.}) 57. Kg3
Kd5 58. Re3 h2 ({YP:} 58... Kd6 59. Kg4 h2 60. Kg3 Rf1 61. Kxh2 Rxf2+ 62. Kg3
Ra2 63. Kg4 Ra8 (63... Ra7 64. Kg5 $18) 64. f5 $18) ({YP:} 58... Kd4 59. Re5
$18) 59. Re2 $18 Rg1+ 60. Kxh2 Rg4 61. Re5+ Kd4 {? Huzman} (61... Kd6 {ändert
nicht viel:} 62. Re4 (62. Re8 Rxf4 (62... Kd7 63. Re4 $18) 63. Kg3 Rf7 64. f4 (
64. f3 Rg7+ 65. Kh4 Rf7 66. Kg4 Rg7+ 67. Kh5 Rf7 68. Re3 Rf8 $11) 64... Re7 $11
{Huzman}) 62... Kd5 63. f3 Rg6 64. Kh3 {und Weiss gewinnt, da Schwarz den
Turmtausch nie anbieten kann, was bei Vorhandensein nur eines f-Bauern die
richtige Methode wäre.}) 62. Re8 ({YP:} 62. Rg5 {war auch möglich, da der
schwarze König nach} Rxf4 63. Kg3 Rf8 64. f4 {wagerecht geschnitten wird.})
62... Kd5 63. Re5+ Kd4 64. Re8 Kd5 65. f3 $1 Rxf4 66. Kg3 Rf6 (66... Rf7 67. f4
$18) ({YP:} 66... Ra4 67. f4 Kd6 68. Kg4 Kd7 69. Re1 Ra8 70. Kg5 Rg8+ 71. Kh6
Rf8 72. Re4 Kd6 73. Kg7 Rf5 74. Kg6 Rf8 75. f5 $18) 67. Kg4 Kd6 68. f4 Kd7 69.
Re4 Rf8 70. Kg5 Rg8+ 71. Kf6 Rg4 72. Re7+ 1-0

[Event "Bayern-chI Bank Hofmann 1st"]
[Site "Bad Wiessee"]
[Date "1997.11.18"]
[Round "4"]
[White "Dautov, Rustem"]
[Black "Waitzkin, Joshua"]
[Result "1-0"]
[WhiteElo "2595"]
[BlackElo "2435"]
[Annotator "Jussupow,A"]
[PlyCount "55"]
[EventDate "1997.11.15"]
[EventType "swiss"]
[EventRounds "9"]
[EventCountry "GER"]
[SourceTitle "CBM 061 Extra"]
[Source "ChessBase"]
[SourceDate "1998.03.09"]
[SourceVersion "1"]
[SourceVersionDate "1998.03.09"]
[SourceQuality "1"]

1. d4 {Dautov.} d5 2. c4 dxc4 3. Nf3 Nf6 4. e3 e6 5. Bxc4 a6 6. Bb3 c5 7. O-O
Nc6 8. Nc3 (8. Qe2 cxd4 9. Rd1 Be7 10. exd4 Na5 11. Bc2 b5 12. Nc3 Bb7 13. Bg5
O-O 14. Rac1 Rc8 15. Bb1 Nc4 16. Ne5 Nb6 17. Qd3 g6 $11 {1/2-1/2 Botvinnik,
M-Petrosian,T/Moscow wcm 1963 (21)}) 8... Be7 9. Qe2 cxd4 10. Rd1 d3 (10... e5
11. exd4 exd4 12. Nxd4 Nxd4 13. Qe5 Qd6 14. Qxd6 Bxd6 15. Rxd4 Be5 16. Rb4 O-O
17. Bf4 a5 18. Rc4 $14 {1/2-1/2 Zvjaginsev,V-Kortschnoj,V/Bern Cup 1996 (24)})
11. Rxd3 Qc7 12. e4 $14 {[#]} O-O $6 {'N' Dautov. Es scheit mir etwas
gefährlich 13.e5 zu erlauben.} (12... Nd7 13. Be3 (13. Rd1 {Dautov} O-O 14. Bc2
b6 15. e5 Rd8 $1 16. Bf4 Bb7 {Cvitan,O-Godena,M/EU-chTM Pula 1997} 17. h4 $40)
(13. Nd5 $5 exd5 14. exd5 Nc5 $1 15. d6 Qd8 (15... Qd7 $5) 16. Ng5 Nxd3 17.
Nxf7 Qd7 18. Nxh8 $6 (18. Bg5 $1) 18... Qxd6 19. Qh5+ g6 $2 (19... Kd7 $1) 20.
Qxh7 Bf5 21. Qg8+ Bf8 22. Qf7+ Kd8 23. Qxb7 {1-0 Akopian,V-Volzhin,A/Ubeda 1996
}) 13... Nc5 14. Rdd1 O-O 15. Rac1 (15. Bc2 $5) 15... Nxb3 16. axb3 Rd8 17. Na4
Rxd1+ 18. Qxd1 Bd7 19. Bb6 Qc8 20. Ne5 $14 {1/2-1/2 Topalov,V-Karpov,A/It Las
Palmas ESP 1996 (26)} (20. Ne5 Be8 21. Nd3 e5 $1 $11 {Topalov,V-Karpov,A/
Supertorneo Las Palmas 1996})) 13. e5 Nd7 14. Bf4 Nc5 15. Re3 {'!?' Dautov.} (
15. Rdd1 {Dautov} Nxb3 16. axb3 Qb6 (16... Bd7 17. Ne4 Nb4 18. Nd6 Nd5 19. Bg3
Qb6 20. Nd4 $16) 17. Ne4 Qxb3 18. Bg5 $44) 15... Nxb3 16. axb3 Bd7 17. Rd1 (17.
Ne4 $2 {Dautov} Nb4 18. Rc3 Bc6 19. Bg3 Nd5 20. Rcc1 Qb6 $132) 17... Rad8 (
17... h6 {Dautov} 18. Nd2 {/\Nc4-d6,Rg3} (18. Ne4 Nb4 $13)) 18. Ng5 {'!'
Dautov. Dautov: '/\Nh7'} h6 {Wegen Drohnungen 19.Qh5 oder 19.Nxh7 war dieser
Zug gezwungen aber jetzt hat Schwarz seine Rochadestellung geschwächt.} (18...
Bc8) 19. Nge4 {Ein logischer Zug, aber jetzt ist der Springer gefesselt.} Nxe5
(19... Bc8 20. Nd6 $16 (20. Rg3 {Dautov} Rxd1+ 21. Qxd1 {/\Qh5->}) (20. Nd6 f6
$13) (20. Re1 Nd4 $13)) 20. Re1 $5 (20. Qh5 f5 (20... f6 {Dautov} 21. Nxf6+
Bxf6 22. Bxe5 Bxe5 23. Qxe5 (23. Rxe5 Be8) 23... Qxe5 24. Rxe5 Kf7 $11) 21.
Bxe5 Qxe5 22. Nd6 Qf4 23. Nxb7 Be8 $17) (20. Nd2 {Dautov} f6 21. Nc4 Bc6 (21...
Bc5 22. Rg3 Bb5 23. Rxd8 Rxd8 24. Nxb5 axb5 25. Nxe5 fxe5 26. Bxh6 $16) 22.
Rxd8 Rxd8 23. Nxe5 fxe5 24. Bxe5 Qa5 25. h3 $14) 20... Qa5 {'?' Dautov. Eine
logische Fortsetzung aber Dautov findet einen brillianten Weg zum Angriff.} (
20... f6 {Dautov} 21. Nxf6+ Bxf6 22. Bxe5 Bxe5 23. Rxe5 Qb6 24. Qc2 $14) (20...
Bc6 $1 {Dautov} 21. Qh5 f6 22. Qh3 (22. Bxh6 $2 Be8 23. Qh3 gxh6 $17) (22. Rg3
Rf7 $1 (22... Bxe4 $2 23. Nxe4 Qa5 24. Bd2 $1 Qd5 25. Qxh6 Rf7 26. Qh4 $40) 23.
Qxh6 (23. Bxh6 Nd3 24. Rf1 Qe5) 23... Qa5 $1 {/\Be4,/\Nd3} (23... Rd3 $2 24.
Qh3 Rxg3 25. Qxg3 $16) 24. Qh4 (24. h3 Nd3 $17) 24... Bxe4 25. Rh3 Rff8 26.
Bxe5 Bf5 $17) (22. Nxf6+ Bxf6 23. Bxe5 Bxe5 24. Qxe5 Qxe5 25. Rxe5 $11) 22...
Bd5 (22... Qc8 23. Nxf6+ Bxf6 24. Bxe5 $14) 23. Bxh6 gxh6 (23... Rf7 24. Bf4)
24. Qxh6 Bxe4 25. Nxe4 Rd3 26. Rxd3 Nxd3 27. Qg6+ $11) 21. b4 $3 (21. Qh5 $2
Nc6) 21... Bxb4 {'?' Dautov. [#]} (21... Qc7 $8 {Dautov} 22. Qh5 f6 23. Rg3 Rf7
24. Qxh6 $16 Bc6 25. Qh4 {/\Rh3}) 22. Nf6+ $3 {'!' Dautov.} gxf6 23. Bxe5 {
'+-' Dautov.} Bxc3 {'?' Dautov.} (23... fxe5 24. Qh5 (24. Rg3+ Kh7) 24... Bc5 (
24... Kh7 25. Rh3 $18) (24... e4 {Dautov} 25. Qxh6 Qe5 26. Nxe4 $1 (26. Rg3+
Qxg3 27. hxg3 Bxc3 28. bxc3 Bc6 $16) 26... f5 27. Rg3+ Qxg3 28. hxg3 Bxe1 29.
Qg6+ Kh8 30. Ng5) 25. Rg3+ Kh7 26. Rh3 Bxf2+ 27. Kxf2 (27. Kh1 Be3 28. Rexe3
Qa1+ 29. Nd1 $18) 27... Qb6+ 28. Ree3 Qxb2+ 29. Ne2 $18) 24. Rg3+ Kh8 (24...
Kh7 25. Qe4+ f5 26. Rg7+ Kh8 27. Qh4 Bd2 28. Qf6 $18) 25. Qe3 $18 Bd2 (25...
Kh7 {Dautov} 26. Qe4+ f5 (26... Kh8 27. Qh4 Kh7 28. Qxf6) 27. Rg7+ Kh8 28. Qh4
Bd2 29. Qf6 $18) 26. Bxf6+ Kh7 27. Rg7+ Kh8 28. Qg3 (28. Rg6+ Kh7 29. Rxh6+ Kg8
30. Rh8#) (28. Qg3 Qf5 29. Rh7+ Kxh7 30. Qg7#) 1-0